Speeches and writings of (Record no. 366655)

000 -LEADER
fixed length control field 00506cam a22001217a 4500
008 - FIXED-LENGTH DATA ELEMENTS--GENERAL INFORMATION
fixed length control field 180718b1962-67 xxu||||| |||| 00| 0 eng d
082 ## - DEWEY DECIMAL CLASSIFICATION NUMBER
Classification number A99 G561
100 ## - MAIN ENTRY--PERSONAL NAME
Personal name Gokhale, Gopal Krishna
245 ## - TITLE STATEMENT
Title Speeches and writings of
Statement of responsibility, etc. by G.K. Gokhale
260 ## - PUBLICATION, DISTRIBUTION, ETC.
Place of publication, distribution, etc. Bombay
Name of publisher, distributor, etc. Asia
Date of publication, distribution, etc. 1962-67
300 ## - PHYSICAL DESCRIPTION
Extent -v-
500 ## - GENERAL NOTE
General note Contents: v.1: Economic. Edited by R.P. Patwardhan and D.V. Ambekar, 1962; v.2: Political. Edited by D.G. Karve and D.V. Ambekar, 1966; v.3: Educational. Edited by D.G. Karve and D.V. Ambekar, 1966
Holdings
Withdrawn status Lost status Damaged status Not for loan Permanent Location Current Location Date acquired Full call number Barcode Date last seen Price effective from Koha item type
        Indian Institute of Public Administration Indian Institute of Public Administration 2009-02-27 A99 G561 41232 2018-07-21 2018-07-21 Book
        Indian Institute of Public Administration Indian Institute of Public Administration 2009-02-27 A99 G561 39370 2018-07-21 2018-07-21 Book
        Indian Institute of Public Administration Indian Institute of Public Administration 1994-05-05 A99 G561 32257 2018-07-21 2018-07-21 Book

Powered by Koha